000 00232nam a2200097 a 4500
005 20140414132119.0
008 111125s19uu xx 00 eng d
050 _aCD 423
_bST1 2010
245 _aClassic Starfall.com.
999 _c115020
_d115020